[Event "AUTO-OPEN-2926"]
[Site "http://www.queenalice.com/game.php?id=1210427"]
[Date "2013.8.22"]
[Round "2"]
[White "bouley"]
[Black "aknightout"]
[Result "1-0"]
[WhiteElo "2122"]
[BlackElo "2049"]

1. d4 d6 2. c4 Nf6 3. Nc3 g6 4. e4 Bg7 5. f3 O-O 6. Be3 Nc6 7. Nge2 e5 8. d5 Ne7
9. Ng3 c6 10. Be2 Bd7 11. O-O c5 12. f4 Bh6 13. Qd2 Ng4 14. Bxg4 Bxg4 15. fxe5
Bxe3+ 16. Qxe3 dxe5 17. Qxc5 b6 18. Qe3 Kg7 19. Qg5 1-0

[Event "Two Old Guys Challenge 1"]
[Site "http://www.queenalice.com/game.php?id=1211137"]
[Date "2013.8.24"]
[Round "-"]
[White "aknightout"]
[Black "tewald"]
[Result "1/2-1/2"]
[WhiteElo "2007"]
[BlackElo "2007"]

1. e4 e6 2. d3 d5 3. Nd2 Nf6 4. g3 dxe4 5. dxe4 Nc6 6. Bg2 Be7 7. Ngf3 O-O 8.
O-O Qd6 9. Re1 e5 10. c3 b5 11. Qc2 a5 12. b3 a4 13. bxa4 Rxa4 14. Nb3 Na5 15.
Be3 Nc4 16. Bc5 Qd8 17. Rad1 Qe8 18. Nfd2 Nxd2 19. Rxd2 Rc4 20. Bxe7 Qxe7 21.
Na5 Rc5 22. a3 Rd8 23. Red1 Rxd2 24. Rxd2 h6 25. Bf1 Ba6 26. a4 Nd7 27. axb5 Bc8
28. Nb3 g5 29. Nxc5 Nxc5 30. Bc4 Bh3 31. Bf1 Be6 32. f3 Nb3 33. Rd1 Qc5+ 34. Kg2
Nd4 35. Qd3 Nb3 36. Qd8+ Kg7 37. Qb8 Qxc3 38. Rd8 Qc2+ 39. Kg1 Qc5+ 40. Kg2
1/2-1/2

[Event "Two Old Guys Challenge 2"]
[Site "http://www.queenalice.com/game.php?id=1211138"]
[Date "2013.8.24"]
[Round "-"]
[White "tewald"]
[Black "aknightout"]
[Result "1-0"]
[WhiteElo "1878"]
[BlackElo "2047"]

1. e4 e5 2. d4 exd4 3. Nf3 c5 4. Bc4 Nf6 5. O-O Be7 6. c3 Nxe4 7. Re1 Nd6 8. Bd5
O-O 9. cxd4 cxd4 10. Nxd4 Nc6 11. Nf3 b6 12. Nd4 Bb7 13. b3 Nxd4 14. Qxd4 Bf6
15. Re5 Bxe5 16. Qxe5 Re8 17. Bxf7+ Nxf7 18. Qc3 Re2 19. Bb2 Rc8 20. Qxg7# 1-0

[Event "Challenge"]
[Site "http://www.queenalice.com/game.php?id=1217028"]
[Date "2013.9.14"]
[Round "-"]
[White "aknightout"]
[Black "jeancarlo1910"]
[Result "0-1"]
[WhiteElo "2029"]
[BlackElo "2087"]

1. e4 c5 2. Nf3 Nc6 3. g3 e5 4. Bg2 Nf6 5. d3 h6 6. Bd2 Bd6 7. Nc3 O-O 8. O-O a6
9. Nh4 Be7 10. Nf5 d6 11. Nd5 Bxf5 12. Nxe7+ Nxe7 13. exf5 Nxf5 14. Qc1 Rb8 15.
Bh3 Nd4 16. f4 Ne2+ 0-1

[Event "Challenge 2"]
[Site "http://www.queenalice.com/game.php?id=1217122"]
[Date "2013.9.14"]
[Round "-"]
[White "jeancarlo1910"]
[Black "aknightout"]
[Result "1-0"]
[WhiteElo "2001"]
[BlackElo "2038"]

1. e4 e5 2. Nc3 Nc6 3. Nf3 Nf6 4. Bc4 Bc5 5. h3 d6 6. d3 a6 7. Bg5 Na5 8. Nd5
Nxc4 9. dxc4 c6 10. Bxf6 gxf6 11. Nh4 cxd5 12. cxd5 Qb6 13. O-O Qxb2 14. Nf5
Bxf5 15. exf5 Qd4 16. Qh5 Ke7 17. Rad1 Qc4 18. Qf3 Qxc2 19. a4 Qxa4 20. Rfe1 a5
21. Re4 Qxd1+ 22. Qxd1 b5 23. g4 a4 24. Kg2 b4 25. f4 Bd4 26. Qxd4 1-0

[Event "AUTO-MASTER-1991"]
[Site "http://www.queenalice.com/game.php?id=1237278"]
[Date "2013.12.3"]
[Round "1"]
[White "aknightout"]
[Black "GMMarolideus"]
[Result "0-1"]
[WhiteElo "1993"]
[BlackElo "2224"]

1. e4 c5 2. Nf3 d6 3. g3 Nf6 4. Bg2 Nxe4 5. d3 Nf6 6. O-O e5 7. Nc3 Be7 8. Bd2
Nc6 9. Kh1 O-O 10. Ne2 h6 11. Nfg1 d5 0-1

[Event "AUTO-MASTER-1991"]
[Site "http://www.queenalice.com/game.php?id=1237291"]
[Date "2013.12.3"]
[Round "1"]
[White "aknightout"]
[Black "favazza2007"]
[Result "0-1"]
[WhiteElo "1909"]
[BlackElo "1928"]

1. e4 d5 2. exd5 Nf6 3. c4 e6 4. dxe6 Bxe6 5. b3 Bb4 6. a3 Be7 7. Nf3 O-O 8. Be2
Nc6 9. Bb2 Re8 10. O-O Bc5 11. d4 Be7 12. d5 Bxd5 13. cxd5 Qxd5 0-1

[Event "AUTO-MASTER-1991"]
[Site "http://www.queenalice.com/game.php?id=1237292"]
[Date "2013.12.3"]
[Round "1"]
[White "favazza2007"]
[Black "aknightout"]
[Result "1-0"]
[WhiteElo "1910"]
[BlackElo "1948"]

1. d4 d6 2. Nf3 Nf6 3. Nc3 g6 4. e4 Bg7 5. Bc4 O-O 6. O-O Nbd7 7. Be3 c6 8. b4
e5 9. d5 Ng4 10. dxc6 Nxe3 11. fxe3 bxc6 12. a4 Qb6 13. Qxd6 Qxe3+ 14. Kh1 1-0

[Event "AUTO-MASTER-1991"]
[Site "http://www.queenalice.com/game.php?id=1237293"]
[Date "2013.12.3"]
[Round "1"]
[White "aknightout"]
[Black "colognestar"]
[Result "0-1"]
[WhiteElo "1894"]
[BlackElo "2155"]

1. e4 d6 2. Nf3 c6 3. g3 Nf6 4. d3 e5 5. Bg2 Nbd7 6. O-O Be7 7. h3 O-O 8. Nh2 d5
9. Nd2 Qb6 10. Nb3 a5 11. Be3 d4 12. Bc1 a4 0-1

[Event "AUTO-MASTER-1991"]
[Site "http://www.queenalice.com/game.php?id=1237294"]
[Date "2013.12.3"]
[Round "1"]
[White "colognestar"]
[Black "aknightout"]
[Result "1-0"]
[WhiteElo "2159"]
[BlackElo "1888"]

1. c4 e5 2. g3 Nf6 3. Bg2 g6 4. Nc3 Bg7 5. d3 O-O 6. Nf3 d6 7. O-O Nbd7 8. Rb1
Nc5 9. b4 Ne6 10. a4 c6 11. b5 1-0

[Event "AUTO-MASTER-1814"]
[Site "http://www.queenalice.com/game.php?id=1237684"]
[Date "2013.12.4"]
[Round "2"]
[White "essenfelder"]
[Black "aknightout"]
[Result "1-0"]
[WhiteElo "1940"]
[BlackElo "1837"]

1. e4 e5 2. Nf3 Nf6 3. Nc3 Nc6 4. Bb5 d6 5. Bxc6+ bxc6 6. O-O g6 7. d3 Bg7 8.
Bg5 h6 9. Be3 Ng4 10. Qe1 Nxe3 11. Qxe3 O-O 12. h3 1-0

[Event "AUTO-MASTER-1814"]
[Site "http://www.queenalice.com/game.php?id=1237685"]
[Date "2013.12.4"]
[Round "2"]
[White "aknightout"]
[Black "essenfelder"]
[Result "0-1"]
[WhiteElo "1850"]
[BlackElo "1927"]

1. e4 g6 2. Nf3 Bg7 3. g3 b6 4. Bg2 Bb7 5. d3 e6 6. Nbd2 Ne7 7. O-O O-O 8. Re1
e5 9. Nf1 d5 10. exd5 Qxd5 11. Ne3 Qd8 12. Nc4 Nbc6 13. Ncxe5 Nxe5 0-1